000 00570nam a2200205Ii 4500
003 JO-AjNU
008 230606s9999||||xx |||||||||||||| ||und||
020 _a978-0-471-69758-9
040 _aJO-AjNU
_beng
_erda
_cJO-AjNU
041 _aeng
050 1 4 _aTG300.B38.2007
100 3 _aBarker,Richard,
_eauthor
_94160
245 0 0 _aDesign of Haighway Bridges
264 3 1 _aJohn wily,2007
300 _a320p
336 _atext
_btxt
_2rdacontent
337 _aunmediated
_bn
_2rdamedia
338 _avolume
_bnc
_2rdacarrier
650 4 _aDesign of Haighway Bridges
_94161
999 _aE2165
_c2163
_d2163